000 00406pab a2200157 454500
008 180718b2003 xxu||||| |||| 00| 0 eng d
100 _aXiande, Li
245 _aRethinking the peasant burden: evidence from a Chinese village
260 _c2003
300 _ap.45-74.
362 _aApr-Jun
650 _aPesantry - China
650 _aPesantry
773 _aJournal of Peasant Studies
909 _a58447
999 _c58447
_d58447